Todas as Linhas de Ônibus da Grande Recife - Statistics

Estatísticas Gerais
  • Esse quiz foi jogado 15 vezes
  • A pontuação média é 86 de 337
Estatísticas das Respostas
Empresa Nº da Linha Linha % Correto
Viação Mirim (VML) 302 CAXANGÁ / TI TIP
80%
Mobi (MOB) 2040 CDU / BOA VIAGEM / CAXANGÁ
80%
Borborema (BOA) 440 CDU / CAXANGÁ / BOA VIAGEM
80%
Globo (GLO) 710 BEBERIBE / DERBY
70%
Metropolitana (EME) 424 CDU / LARGO DA PAZ (VIA TORRÕES/SAN MARTIN)
70%
Caxangá (CAX) 800 DOIS UNIDOS / AFOGADOS
70%
Consórcio Recife de Transportes (CSR) | Globo (GLO) 510 NOVA DESCOBERTA / DERBY
70%
Caxangá (CAX) 916 OURO PRETO / JOANA BEZERRA
70%
Borborema (BOA) 11 PIEDADE / DERBY
70%
Borborema (BOA) 118 PRAZERES / BOA VIAGEM
70%
Consórcio Recife de Transportes (CSR) 511 TI CDU / CASA AMARELA / ALTO DO MANDU
70%
Borborema (BOA) 80 TI JOANA BEZERRA / BOA VIAGEM
70%
Borborema (BOA) 50 TI PE-15 / BOA VIAGEM
70%
Consórcio Recife de Transportes (CSR) | Globo (GLO) 680 VASCO DA GAMA / AFOGADOS
70%
Caxangá (CAX) 780 ALTO SANTA TEREZINHA / DERBY
60%
Caxangá (CAX) 700 BEBERIBE / AFOGADOS
60%
Consórcio Recife de Transportes (CSR) 330 CASA AMARELA / CDU (AV. CAXANGÁ)
60%
Consórcio Recife de Transportes (CSR) 516 CASA AMARELA / TORRE / CDE. BOA VISTA
60%
Viação Mirim (VML) 303 CAXANGÁ / CURADO II (BR-232)
60%
Consórcio Recife de Transportes (CSR) 718 CÓRREGO DO EUCLIDES / DERBY
60%
Consórcio Recife de Transportes (CSR) 532 DOIS IRMÃOS / CASA AMARELA (CRUZ CABUGÁ)
60%
Caxangá (CAX) 760 DOIS UNIDOS / DERBY
60%
Consórcio Conorte (CNO) 1921 OURO PRETO / TI PE-15
60%
Mobi (MOB) 2402 PARQUE CAPIBARIBE / CAXANGÁ
60%
Caxangá (CAX) 861 TI JOANA BEZERRA / TI XAMBÁ
60%
Caxangá (CAX) 883 TI PE-15 / TI XAMBÁ
60%
Metropolitana (EME) 102 TI SANTA LUZIA / IBURA
60%
Borborema (BOA) 347 TI TIP / JOANA BEZERRA
60%
Caxangá (CAX) 870 TI XAMBÁ / TI LARGO DA PAZ
60%
Borborema (BOA) 360 TOTÓ / BOA VIAGEM
60%
Consórcio Recife de Transportes (CSR) 630 VASCO DA GAMA / DERBY
60%
Caxangá (CAX) 842 ÁGUAS COMPRIDAS / TI XAMBÁ
50%
Caxangá (CAX) 831 AGUAZINHA / TI XAMBÁ
50%
Caxangá (CAX) 843 ALTO DA BONDADE / TI XAMBÁ
50%
Caxangá (CAX) 892 ALTO DO CAJUEIRO / TI XAMBÁ
50%
Caxangá (CAX) 847 ALTO NOVA OLINDA / TI XAMBÁ
50%
Caxangá (CAX) 895 ALTO SOL NASCENTE / TI XAMBÁ
50%
Caxangá (CAX) 852 CAIXA D'ÁGUA / TI XAMBÁ
50%
Globo (GLO) 640 GUABIRABA / DERBY (JOANA BEZERRA)
50%
Metropolitana (EME) 110 IBURA / TI PRAZERES
50%
Consórcio Conorte (CNO) 1980 IGARASSU / CIDADE TABAJARA
50%
Caxangá (CAX) 825 JARDIM BRASIL / TI JOANA BEZERRA
50%
Borborema (BOA) 208 NOSSA SENHORA DA CONCEIÇÃO / TI JABOATÃO
50%
Caxangá (CAX) 841 NOVA OLINDA / TI XAMBÁ
50%
Caxangá (CAX) 844 SANTA CASA / TI XAMBÁ
50%
Mobi (MOB) 2434 TI GETÚLIO VARGAS / TAMARINEIRA
50%
Consórcio Conorte (CNO) 1902 TI MACAXEIRA / MIRUEIRA
50%
Consórcio Recife de Transportes (CSR) 520 TI MACAXEIRA / PARNAMIRIM
50%
Caxangá (CAX) 894 TI XAMBÁ / CÓRREGO DO ABACAXI
50%
Caxangá (CAX) 810 TI XAMBÁ / ENCRUZILHADA
50%
Consórcio Recife de Transportes (CSR) 414 TORRE
50%
Borborema (BOA) 120 ALTO DOIS CARNEIROS / SHOPPING RECIFE
40%
Mobi (MOB) 2463 ARAÇOIABA / TI CAMARAGIBE
40%
Metropolitana (EME) 315 BONGI
40%
Mobi (MOB) 2433 BRASILIT / TI CDU
40%
Mobi (MOB) 2467 CHÃ DE CRUZ / TI CAMARAGIBE
40%
Metropolitana (EME) 272 COLÔNIA / TI JABOATÃO
40%
Viação Mirim (VML) 320 CURADO I / TI SANTA LUZIA
40%
Metropolitana (EME) 212 JARDIM SÃO PAULO
40%
Caxangá (CAX) 742 LINHA DO TIRO
40%
Borborema (BOA) 201 MORENO / TI JABOATÃO
40%
Caxangá (CAX) 886 OURO PRETO / RIO DOCE
40%
Mobi (MOB) 2410 PARQUE CAPIBARIBE / TI TIP
40%
Consórcio Conorte (CNO) 1922 PAU AMARELO / TI PELÓPIDAS
40%
Borborema (BOA) 61 PIEDADE
40%
Borborema (BOA) 65 PIEDADE / TI PRAZERES
40%
Consórcio Recife de Transportes (CSR) 901 TI ABREU E LIMA / TI MACAXEIRA
40%
Metropolitana (EME) 209 TI BARRO / COQUEIRAL
40%
Mobi (MOB) 2490 TI CAMARAGIBE / TI MACAXEIRA
40%
Mobi (MOB) 2481 TI CAMARAGIBE / TI TIP
40%
Consórcio Conorte (CNO) 1964 TI IGARASSU / TI MACAXEIRA
40%
Borborema (BOA) 290 TI JABOATÃO / BONANÇA
40%
Metropolitana (EME) 274 TI JABOATÃO / LOTE 56
40%
Metropolitana (EME) 262 TI JABOATÃO / MALVINAS
40%
Borborema (BOA) 291 TI JABOATÃO / MORENO (RECIFE OUTLET)
40%
Metropolitana (EME) 250 TI JABOATÃO / SANTO ALEIXO (LUZ)
40%
Metropolitana (EME) 251 TI JABOATÃO / SANTO ALEIXO (RIOS)
40%
Metropolitana (EME) 238 TI JABOATÃO / TI BARRO
40%
Metropolitana (EME) 220 TI JABOATÃO / TI CAVALEIRO
40%
Metropolitana (EME) 261 TI JABOATÃO / VILA PIEDADE
40%
Borborema (BOA) 21 TI JOANA BEZERRA / SHOPPING RIOMAR
40%
Caxangá (CAX) | Metropolitana (EME) 858 TI JOANA BEZERRA / TI AFOGADOS / TI BARRO
40%
Consórcio Recife de Transportes (CSR) 604 TI MACAXEIRA / ALTO BURITY
40%
Consórcio Conorte (CNO) 1948 TI MACAXEIRA / ARTHUR LUNDGREN II
40%
Consórcio Recife de Transportes (CSR) | Globo (GLO) 641 TI MACAXEIRA / ENCRUZILHADA
40%
Consórcio Recife de Transportes (CSR) 601 TI MACAXEIRA / P.R. BOLA NA REDE
40%
Caxangá (CAX) 893 TI PE-15 / ALTO DA CONQUISTA
40%
Consórcio Conorte (CNO) 1913 TI PE-15 / TI JOANA BEZERRA
40%
Consórcio Conorte (CNO) 1906 TI PELÓPIDAS / TI MACAXEIRA
40%
Metropolitana (EME) 117 TI RECIFE (PCR/CABUGÁ)
40%
Mobi (MOB) 2060 TI TANCREDO NEVES/TI MACAXEIRA
40%
Borborema (BOA) 351 TI TIP / CURADO II
40%
Borborema (BOA) 363 TI TIP / CURADO IV (AV. 01)
40%
Borborema (BOA) 361 TI TIP / CURADO IV (RUA 14)
40%
Borborema (BOA) 348 TI TIP / CURADO V
40%
Borborema (BOA) 49 TI TIP / MORENO (BR-232)
40%
Borborema (BOA) 219 TI TIP / TI JABOATÃO (SANCHO)
40%
Mobi (MOB) 2466 VERA CRUZ / TI CAMARAGIBE
40%
Metropolitana (EME) 252 VILA RICA / TI JABOATÃO
40%
Mobi (MOB) 2448 ALTO SANTO ANTÔNIO / TI CAMARAGIBE
30%
Metropolitana (EME) 311 BONGI (AFOGADOS)
30%
Borborema (BOA) 18 BRASÍLIA TEIMOSA
30%
Caxangá (CAX) 723 CAJUEIRO
30%
Borborema (BOA) 70 CANDEIAS / SHOPPING RIOMAR
30%
Consórcio Conorte (CNO) 1923 CIDADE TABAJARA / TI PE-15
30%
Consórcio Conorte (CNO) 1958 COSTA AZUL / TI PELÓPIDAS
30%
Caxangá (CAX) 741 DOIS UNIDOS
30%
Mobi (MOB) 2423 ENGENHO DO MEIO / TI CDU
30%
Mobi (MOB) 2442 JARDIM PRIMAVERA (VALE DAS PEDREIRAS) / TI CDU
30%
Mobi (MOB) 2464 JARDIM TERESÓPOLIS / TI CAXANGÁ
30%
Mobi (MOB) 2473 JOÃO PAULO II / TI CAMARAGIBE
30%
Mobi (MOB) 2483 LOTEAMENTO SÃO JOÃO E SÃO PAULO / TI CAMARAGIBE
30%
Metropolitana (EME) 314 MANGUEIRA
30%
Consórcio Conorte (CNO) 1953 MARANGUAPE II / TI PELÓPIDAS
30%
Mobi (MOB) 2419 MATRIZ DA LUZ / TI CAMARAGIBE
30%
Consórcio Conorte (CNO) 1943 MIRUEIRA / TI PELÓPIDAS
30%
Mobi (MOB) 2420 MURIBARA / TI CAMARAGIBE
30%
Borborema (BOA) 162 MURIBECA / TI CAJUEIRO SECO
30%
Mobi (MOB) 2417 NOVA MORADA / TI CAXANGÁ
30%
Consórcio Conorte (CNO) 1935 PARATIBE / TI PELÓPIDAS
30%
Mobi (MOB) 2492 PARQUE CAPIBARIBE / TI CAMARAGIBE
30%
Consórcio Conorte (CNO) 1992 PAU AMARELO
30%
Mobi (MOB) 2486 PENEDO / TI CAMARAGIBE
30%
Mobi (MOB) 2416 RODA DE FOGO / TI GETÚLIO VARGAS
30%
Mobi (MOB) 2476 SANTA MÔNICA / TI CAMARAGIBE
30%
Mobi (MOB) 2478 SANTANA / TI CAMARAGIBE
30%
Mobi (MOB) 2477 SANTA TEREZINHA / TI CAMARAGIBE
30%
Mobi (MOB) 2491 SÃO LOURENÇO / TI CAMARAGIBE
30%
Mobi (MOB) 2445 TABATINGA / TI CAXANGÁ
30%
Borborema (BOA) 26 TI AEROPORTO / TI JOANA BEZERRA
30%
Metropolitana (EME) 108 TI BARRO / CEASA
30%
Metropolitana (EME) 216 TI BARRO / TI CAJUEIRO SECO
30%
Metropolitana (EME) 207 TI BARRO / TI MACAXEIRA (BR-101)
30%
Metropolitana (EME) 202 TI BARRO / TI MACAXEIRA (VÁRZEA)
30%
Borborema (BOA) 206 TI BARRO / TI PRAZERES (JORDÃO)
30%
Metropolitana (EME) 128 TI BARRO / UR-03 (MILAGRES)
30%
Metropolitana (EME) 205 TI BARRO / UR-05 (BR-101)
30%
Metropolitana (EME) 203 TI BARRO / ZUMBI DO PACHECO (LOT.)
30%
Mobi (MOB) 2480 TI CAMARAGIBE / DERBY - BRT
30%
Mobi (MOB) 2431 TI CDU / TI CAXANGÁ (UFPE)
30%
Mobi (MOB) 2043 TI CDU / TI JOANA BEZERRA (PARADOR)
30%
Mobi (MOB) 2459 TI COSME E DAMIÃO / TI CAXANGÁ
30%
Mobi (MOB) 2429 TI GETÚLIO VARGAS / TI CDU
30%
Mobi (MOB) 2475 TIMBI / TI CAMARAGIBE
30%
Consórcio Conorte (CNO) 1933 TI PE-15 / TI ABREU E LIMA
30%
Caxangá (CAX) | Globo (GLO) 914 TI PE-15 / TI AFOGADOS
30%
Consórcio Conorte (CNO) 1963 TI PE-15 / TI IGARASSU (SÍTIO HISTÓRICO)
30%
Consórcio Conorte (CNO) 1986 TI PE-15 / TI RIO DOCE
30%
Consórcio Conorte (CNO) 1909 TI PELÓPIDAS / TI JOANA BEZERRA
30%
Metropolitana (EME) 107 TI RECIFE (CABUGÁ/PCR)
30%
Metropolitana (EME) 101 TI RECIFE / TI J. BEZERRA (BOA VISTA)
30%
Borborema (BOA) 30 TI RIO DOCE / BARRA DE JANGADA
30%
Mobi (MOB) 2920 TI RIO DOCE / TI CDU
30%
Consórcio Conorte (CNO) 1966 TI RIO DOCE / TI PE-15 (FRAGOSO)
30%
Metropolitana (EME) 142 TI TANCREDO NEVES / ALTO DOIS CARNEIROS
30%
Metropolitana (EME) 138 TI TANCREDO NEVES / ZUMBI DO PACHECO
30%
Mobi (MOB) 2493 TIÚMA / TI CAMARAGIBE
30%
Mobi (MOB) 2421 TORRÕES / TI GETÚLIO VARGAS
30%
Mobi (MOB) 2446 UR-07 (VÁRZEA) / TI CDU
30%
Metropolitana (EME) 103 UR-11 / TI BARRO
30%
Mobi (MOB) 2487 VÁRZEA FRIA / TI CAMARAGIBE
30%
Mobi (MOB) 2456 VIANA / TI CAMARAGIBE
30%
Mobi (MOB) 2488 VILA DA FÁBRICA / TI CAXANGÁ
30%
Borborema (BOA) 43 AEROPORTO / TACARUNA (DERBY)
20%
Caxangá (CAX) 711 ALTO DO PASCOAL
20%
Caxangá (CAX) 712 ALTO SANTA TEREZINHA
20%
Consórcio Conorte (CNO) 1941 ARTHUR LUNDGREN II / TI PELÓPIDAS
20%
Consórcio Conorte (CNO) 1934 ARTHUR LUNDGREN I / TI PELÓPIDAS
20%
Consórcio Conorte (CNO) 1998 CAETÉS III / TI ABREU E LIMA
20%
Consórcio Conorte (CNO) 1917 CAETÉS II / TI ABREU E LIMA
20%
Consórcio Conorte (CNO) 1912 CAETÉS I / TI ABREU E LIMA
20%
Caxangá (CAX) 722 CAMPINA DO BARRETO
20%
Borborema (BOA) 71 CANDEIAS
20%
Borborema (BOA) 20 CANDEIAS / TI TANCREDO NEVES
20%
Metropolitana (EME) 232 CAVALEIRO
20%
Viação Mirim (VML) 240 CAVALEIRO / CEASA
20%
Borborema (BOA) 125 CÓRREGO DA GAMELEIRA (VILA DO SESI) / TI TANCREDO NEVES
20%
Borborema (BOA) 341 CURADO I
20%
Consórcio Conorte (CNO) 1988 DESTERRO / TI ABREU E LIMA
20%
Consórcio Conorte (CNO) 1950 ENGENHO MARANGUAPE / VARADOURO
20%
Consórcio Conorte (CNO) 1945 JAGUARANA (ALAMEDA) / TI PELÓPIDAS
20%
Borborema (BOA) 151 JARDIM JORDÃO / TI AEROPORTO
20%
Metropolitana (EME) 141 JARDIM MONTE VERDE / TI TANCREDO NEVES
20%
Consórcio Conorte (CNO) 1932 JARDIM PAULISTA ALTO / TI PELÓPIDAS
20%
Consórcio Conorte (CNO) 1931 JARDIM PAULISTA BAIXO / TI PELÓPIDAS
20%
Borborema (BOA) 62 JARDIM PIEDADE
20%
Metropolitana (EME) 321 JARDIM SÃO PAULO (ABDIAS DE CARVALHO)
20%
Metropolitana (EME) 324 JARDIM SÃO PAULO (PIRACICABA)
20%
Borborema (BOA) 155 JORDÃO BAIXO / BOA VIAGEM
20%
Metropolitana (EME) 134 LAGOA ENCANTADA / TI TANCREDO NEVES
20%
Consórcio Conorte (CNO) 1984 LOTEAMENTO BONFIM / TI ABREU E LIMA
20%
Consórcio Conorte (CNO) 1944 LOTEAMENTO CONCEIÇÃO / TI PELÓPIDAS
20%
Consórcio Conorte (CNO) 1989 LOTEAMENTO PLANALTO / TI ABREU E LIMA
20%
Borborema (BOA) 164 MARCOS FREIRE / TI CAJUEIRO SECO
20%
Metropolitana (EME) 312 MUSTARDINHA
20%
Metropolitana (EME) 313 SAN MARTIN (ABDIAS DE CARVALHO)
20%
Consórcio Conorte (CNO) 1937 TI ABREU E LIMA / NOVA AURORA
20%
Consórcio Conorte (CNO) 1905 TI IGARASSU / TI ABREU E LIMA
20%
Metropolitana (EME) 200 TI JABOATÃO (PARADOR)
20%
Consórcio Conorte (CNO) 1955 TI PELÓPIDAS / CJ. PRAIA DO JANGA (ENG. MARANGUAPE)
20%
Consórcio Conorte (CNO) 1981 TI RIO DOCE / TI JOANA BEZERRA
20%
Metropolitana (EME) 106 TI SANTA LUZIA / PARQUE AERONÁUTICA (JIQUIÁ)
20%
Metropolitana (EME) 412 TI SANTA LUZIA / TI GETÚLIO VARGAS
20%
Borborema (BOA) 23 TI TANCREDO NEVES / TI AEROPORTO
20%
Metropolitana (EME) 132 TI TANCREDO NEVES / UR-02 (IBURA)
20%
Metropolitana (EME) 126 TI TANCREDO NEVES / UR-03
20%
Metropolitana (EME) 136 TI TANCREDO NEVES / UR-05
20%
Metropolitana (EME) 143 TI TANCREDO NEVES / UR-06
20%
Caxangá (CAX) 860 TI XAMBÁ (PRÍNCIPE)
20%
Metropolitana (EME) 144 UR-04 / TI TANCREDO NEVES
20%
Metropolitana (EME) 135 UR-10 / TI TANCREDO NEVES
20%
Metropolitana (EME) 243 VILA DOIS CARNEIROS
20%
Borborema (BOA) 124 VILA DO SESI / TI TANCREDO NEVES
20%
Caxangá (CAX) 721 ÁGUA FRIA (CIRCULAR)
10%
Caxangá (CAX) 746 ALTO DO CAPITÃO
10%
Metropolitana (EME) 244 ALTO DO VENTO / TI CAVALEIRO
10%
Caxangá (CAX) 714 ALTO JOSÉ BONIFÁCIO (AV. NORTE)
10%
Caxangá (CAX) 743 ALTO JOSÉ BONIFÁCIO (JOÃO DE BARROS)
10%
Consórcio Conorte (CNO) 1903 ARAÇOIABA / TI IGARASSU
10%
Caxangá (CAX) 713 BOMBA DO HEMETÉRIO
10%
Borborema (BOA) 14 BRASÍLIA (CD. BOA VISTA)
10%
Consórcio Recife de Transportes (CSR) 624 BREJO (CONDE DA BOA VISTA)
10%
Caxangá (CAX) 724 CHÃO DE ESTRELAS
10%
Consórcio Conorte (CNO) 1994 CONJUNTO BEIRA MAR
10%
Consórcio Conorte (CNO) 1982 CONJUNTO BEIRA MAR / DERBY
10%
Borborema (BOA) 69 CONJUNTO CATAMARÃ
10%
Consórcio Recife de Transportes (CSR) | Globo (GLO) 513 CÓRREGO DA AREIA
10%
Borborema (BOA) 75 CURCURANA / TI PRAZERES
10%
Metropolitana (EME) 245 DOIS CARNEIROS / TI CAVALEIRO
10%
Consórcio Conorte (CNO) 1974 JARDIM ATLÂNTICO
10%
Borborema (BOA) 13 JARDIM BEIRA RIO (PINA)
10%
Caxangá (CAX) 717 JOSÉ AMARINO DOS REIS
10%
Borborema (BOA) 171 LOTEAMENTO INTEGRAÇÃO / TI CAJUEIRO SECO
10%
Borborema (BOA) 44 MASSANGANA (BOA VISTA)
10%
Borborema (BOA) 165 MURIBECA DOS GUARARAPES / TI CAJUEIRO SECO
10%
Consórcio Recife de Transportes (CSR) 631 NOVA DESCOBERTA (CABUGÁ)
10%
Metropolitana (EME) 255 QUITANDINHA / TI CAVALEIRO
10%
Consórcio Conorte (CNO) 1987 RIO DOCE (PRÍNCIPE / CONDE BOA VISTA)
10%
Borborema (BOA) 32 SETÚBAL (CONDE DA BOA VISTA)
10%
Borborema (BOA) 39 SETÚBAL (PRÍNCIPE)
10%
Consórcio Recife de Transportes (CSR) 524 SÍTIO DOS PINTOS (DOIS IRMÃOS)
10%
Caxangá (CAX) 885 SÍTIO NOVO / RIO DOCE
10%
Borborema (BOA) 163 TI CAJUEIRO SECO (CIRCULAR)
10%
Borborema (BOA) 166 TI CAJUEIRO SECO (RUA DO SOL)
10%
Mobi (MOB) 2450 TI CAMARAGIBE (CONDE DA BOA VISTA) - BRT
10%
Metropolitana (EME) 256 TI CAVALEIRO / LOTEAMENTO NOVA ESPERANÇA
10%
Metropolitana (EME) 149 TI CAVALEIRO / ZUMBI DO PACHECO
10%
Mobi (MOB) 2437 TI CAXANGÁ (CONDE DA BOA VISTA) - BRT
10%
Mobi (MOB) 2441 TI CDU (CONDE DA BOA VISTA) - BRT
10%
Mobi (MOB) 2444 TI GETÚLIO VARGAS (CONDE DA BOA VISTA) - BRT
10%
Metropolitana (EME) 104 TI J. BEZERRA / TI RECIFE (IMIP)
10%
Mobi (MOB) 2930 TI RIO DOCE / DOIS IRMÃOS
10%
Consórcio Conorte (CNO) 1983 TI RIO DOCE (PRINCESA ISABEL)
10%
Metropolitana (EME) 168 TI TANCREDO NEVES (CDE. B. VISTA)
10%
Borborema (BOA) 24 TI TANCREDO NEVES (CIRCULAR BOA VIAGEM)
10%
Borborema (BOA) 370 TI TIP / TI AEROPORTO
10%
Caxangá (CAX) 820 TI XAMBÁ (CABUGÁ)
10%
Borborema (BOA) 121 VILA DA SUDENE
10%
Borborema (BOA) 122 VILA DO IPSEP
10%
Consórcio Conorte (CNO) 1929 ALAMEDA PAULISTA / TI RIO DOCE (JAGUARANA)
0%
Consórcio Recife de Transportes (CSR) 632 ALTO DO REFÚGIO (CABUGÁ)
0%
Globo (GLO) 611 ALTO JOSÉ DO PINHO (CAIS DE SANTA RITA)
0%
Consórcio Recife de Transportes (CSR) 521 ALTO SANTA ISABEL (CONDE DA BOA VISTA)
0%
Consórcio Recife de Transportes (CSR) 621 ALTO TREZE DE MAIO (PRÍNCIPE)
0%
Consórcio Conorte (CNO) 1971 AMPARO
0%
Consórcio Conorte (CNO) 1996 ARTHUR LUNDGREN II / RIO DOCE (PARATIBE)
0%
Consórcio Conorte (CNO) 1972 BULTRINS
0%
Consórcio Conorte (CNO) 1949 CAETÉS / CENTRO DE PAULISTA (PARATIBE)
0%
Consórcio Conorte (CNO) 1973 CASA CAIADA (CONDE BOA VISTA)
0%
Mobi (MOB) 2501 CIRCULAR PEROBA / OITENTA / BORRALHO
0%
Mobi (MOB) 2503 CIRCULAR QUADRA 30 (V. CELEIRO)
0%
Mobi (MOB) 2502 CIRCULAR SANTA MÔNICA / MARANGUAPE (V. BEIRA RIO)
0%
Mobi (MOB) 2505 CIRCULAR TABATINGA/SÃO JORGE (VIA FÁBRICA)
0%
Mobi (MOB) 2504 CIRCULAR VALE DAS PEDREIRAS (SHOPPING)
0%
Mobi (MOB) 2470 CIRCULAR VILA DA FÁBRICA/SANTANA (VIA BAIRRO DOS ESTADOS)
0%
Consórcio Conorte (CNO) 1993 CONJUNTO PRAIA DO JANGA
0%
Consórcio Recife de Transportes (CSR) | Globo (GLO) 517 CÓRREGO DO INÁCIO
0%
Consórcio Recife de Transportes (CSR) 522 DOIS IRMÃOS (RUI BARBOSA E PRÍNCIPE)
0%
Globo (GLO) 642 GUABIRABA (CÓRREGO DO JENIPAPO)
0%
Consórcio Conorte (CNO) 1968 ILHA DE ITAMARACÁ / TI IGARASSU
0%
Consórcio Conorte (CNO) 1969 ITAPISSUMA / TI IGARASSU
0%
Caxangá (CAX) 822 JARDIM BRASIL I (CRUZ CABUGÁ)
0%
Caxangá (CAX) 821 JARDIM BRASIL I (ESTRADA DE BELÉM)
0%
Caxangá (CAX) 824 JARDIM BRASIL II (CRUZ CABUGÁ)
0%
Caxangá (CAX) 823 JARDIM BRASIL II (ESTRADA DE BELÉM)
0%
Metropolitana (EME) 222 JARDIM UCHOA
0%
Borborema (BOA) 153 JORDÃO ALTO / TI AEROPORTO
0%
Borborema (BOA) 152 JORDÃO BAIXO / TI AEROPORTO
0%
Globo (GLO) 644 LARGO DO MARACANÃ (CONDE DA BOA VISTA)
0%
Consórcio Conorte (CNO) 1978 LOTEAMENTO CONCEIÇÃO / TI RIO DOCE (PE-22)
0%
Globo (GLO) 612 MORRO DA CONCEIÇÃO (CRUZ CABUGÁ)
0%
Globo (GLO) 515 NOVA DESCOBERTA (BACURAU)
0%
Consórcio Recife de Transportes (CSR) | Globo (GLO) 514 NOVA DESCOBERTA (CÓRREGO DO JOAQUIM)
0%
Consórcio Conorte (CNO) 1911 OURO PRETO (COHAB)
0%
Consórcio Conorte (CNO) 1926 OURO PRETO (JATOBÁ II)
0%
Metropolitana (EME) 242 PACHECO (FLORESTA)
0%
Consórcio Conorte (CNO) 1907 PAULISTA / RIO DOCE
0%
Borborema (BOA) 910 PIEDADE / TI RIO DOCE
0%
Globo (GLO) 411 PLAZA SHOPPING (CONDE DA BOA VISTA)
0%
Borborema (BOA) 31 SHOPPING CENTER (TERMINAL RESIDENCIAL BOA VIAGEM)
0%
Consórcio Conorte (CNO) 1062 TI ABREU E LIMA (PCR) (PARADOR)
0%
Metropolitana (EME) 115 TI AEROPORTO / TI AFOGADOS
0%
Consórcio Conorte (CNO) 1908 TI IGARASSU / BOTAFOGO
0%
Consórcio Conorte (CNO) 1946 TI IGARASSU (BR-101)
0%
Consórcio Conorte (CNO) 1918 TI IGARASSU (CIRCULAR)
0%
Consórcio Conorte (CNO) 1904 TI IGARASSU / NOVA CRUZ
0%
Consórcio Conorte (CNO) 1967 TI IGARASSU (SÍTIO HISTÓRICO)
0%
Consórcio Recife de Transportes (CSR) | Globo (GLO) 645 TI MACAXEIRA (AV. NORTE)
0%
Consórcio Conorte (CNO) 1940 TI PE-15 (CIRCULAR)
0%
Consórcio Conorte (CNO) 1100 TI PE-15 (PCR) (PARADOR)
0%
Consórcio Conorte (CNO) 1977 TI PELÓPIDAS (CONDE DA BOA VISTA)
0%
Consórcio Conorte (CNO) 1076 TI PELÓPIDAS (PCR) (PARADOR)
0%
Consórcio Conorte (CNO) 1952 TI PELÓPIDAS / TI RIO DOCE
0%
Metropolitana (EME) 116 TI RECIFE (PRÍNCIPE)
0%
Consórcio Conorte (CNO) 1960 TI RIO DOCE / MARIA FARINHA (CASA CAIADA)
0%
Metropolitana (EME) 167 TI TANCREDO NEVES (IMIP)
0%
Borborema (BOA) 346 TI TIP (CONDE BOA VISTA)
0%
Caxangá (CAX) 881 TI XAMBÁ / RIO DOCE (AV. GETÚLIO VARGAS)
0%
Caxangá (CAX) 882 TI XAMBÁ / RIO DOCE (CARLOS DE LIMA CAVALCANTI)
0%
Borborema (BOA) 332 TOTÓ (ABDIAS DE CARVALHO)
0%
Borborema (BOA) 331 TOTÓ (JARDIM PLANALTO)
0%
Metropolitana (EME) 4123 TRÊS CARNEIROS BAIXO (CAIS DE SANTA RITA)
0%
Metropolitana (EME) 4133 TRÊS CARNEIROS (CAIS DE SANTA RITA)
0%
Metropolitana (EME) 4137 UR-11 (CAIS DE SANTA RITA)
0%
Globo (GLO) 622 VASCO DA GAMA (CABUGÁ)
0%
Globo (GLO) 623 VASCO DA GAMA (JOÃO DE BARROS)
0%
Metropolitana (EME) 221 VILA CARDEAL E SILVA
0%
Metropolitana (EME) 211 VILA TAMANDARÉ
0%
Nenhum quiz correspondente encontrado
Distribuição das Pontuações
Porcentagem de Pessoas com Cada Pontuação
Percentil de Números Respondidos
Sua Pontuação Histórica
Você não jogou esse quiz